<?xml version="1.0" encoding="UTF-8"?>
<record
    xmlns:xsi="http://www.w3.org/2001/XMLSchema-instance"
    xsi:schemaLocation="http://www.loc.gov/MARC21/slim http://www.loc.gov/standards/marcxml/schema/MARC21slim.xsd"
    xmlns="http://www.loc.gov/MARC21/slim">

  <leader>01422nam a2200349 i 4500</leader>
  <controlfield tag="001">186738</controlfield>
  <controlfield tag="003">SpMaBN</controlfield>
  <controlfield tag="005">20250901234616.0</controlfield>
  <controlfield tag="008">170210s2013    sp abe       |||| | spa d</controlfield>
  <datafield tag="020" ind1=" " ind2=" ">
    <subfield code="a">978-84-00-09699-1</subfield>
  </datafield>
  <datafield tag="080" ind1=" " ind2=" ">
    <subfield code="a">656.61(599.17 M.)"15/18"</subfield>
  </datafield>
  <datafield tag="080" ind1=" " ind2=" ">
    <subfield code="a">339.5(599:460)"15/18"</subfield>
  </datafield>
  <datafield tag="080" ind1=" " ind2=" ">
    <subfield code="a">339.5(460:599)"15/18"</subfield>
  </datafield>
  <datafield tag="245" ind1="0" ind2="3">
    <subfield code="a">Un oc&#xE9;ano de seda y plata: el universo econ&#xF3;mico del Gale&#xF3;n de Manila / </subfield>
    <subfield code="c">Salvador Bernab&#xE9;u Albert y Carlos Mart&#xED;nez Shaw (eds.).</subfield>
  </datafield>
  <datafield tag="260" ind1=" " ind2=" ">
    <subfield code="a">Sevilla : </subfield>
    <subfield code="b">Consejo Superior de Investigaciones Cient&#xED;ficas, </subfield>
    <subfield code="c">2013.</subfield>
  </datafield>
  <datafield tag="300" ind1=" " ind2=" ">
    <subfield code="a">443 p. : </subfield>
    <subfield code="b">mapas ; </subfield>
    <subfield code="c">24 cm.</subfield>
  </datafield>
  <datafield tag="490" ind1="1" ind2=" ">
    <subfield code="a">Universos americanos ; </subfield>
    <subfield code="v">12</subfield>
  </datafield>
  <datafield tag="504" ind1=" " ind2=" ">
    <subfield code="a">Referencias bibliogr&#xE1;ficas.</subfield>
  </datafield>
  <datafield tag="610" ind1="2" ind2="7">
    <subfield code="a">Gale&#xF3;n de Manila-</subfield>
    <subfield code="v">Historia.</subfield>
    <subfield code="9">161700</subfield>
  </datafield>
  <datafield tag="650" ind1=" " ind2="4">
    <subfield code="a">Marina mercante-</subfield>
    <subfield code="z">Espa&#xF1;a</subfield>
    <subfield code="9">14791</subfield>
  </datafield>
  <datafield tag="651" ind1=" " ind2="7">
    <subfield code="a">Filipinas-</subfield>
    <subfield code="x">Comercio exterior-</subfield>
    <subfield code="z">Espa&#xF1;a</subfield>
    <subfield code="2"></subfield>
    <subfield code="9">161701</subfield>
  </datafield>
  <datafield tag="651" ind1=" " ind2="7">
    <subfield code="a">Espa&#xF1;a-</subfield>
    <subfield code="x">Comercio exterior-</subfield>
    <subfield code="z">Filipinas.</subfield>
    <subfield code="9">161702</subfield>
  </datafield>
  <datafield tag="700" ind1="1" ind2=" ">
    <subfield code="a">Bernab&#xE9;u Albert, Salvador.</subfield>
    <subfield code="9">28162</subfield>
  </datafield>
  <datafield tag="700" ind1="1" ind2=" ">
    <subfield code="a">Mart&#xED;nez Shaw, Carlos.</subfield>
    <subfield code="9">78426</subfield>
  </datafield>
  <datafield tag="710" ind1="2" ind2=" ">
    <subfield code="a">Consejo Superior de Investigaciones Cient&#xED;ficas (Espa&#xF1;a)</subfield>
    <subfield code="9">3236</subfield>
  </datafield>
  <datafield tag="830" ind1="1" ind2=" ">
    <subfield code="a">Universos americanos ; </subfield>
    <subfield code="v">12</subfield>
    <subfield code="9">225464</subfield>
  </datafield>
  <datafield tag="852" ind1=" " ind2=" ">
    <subfield code="a">ES-MaACL</subfield>
    <subfield code="j">A-14021</subfield>
    <subfield code="9">193795</subfield>
    <subfield code="b">R.151300</subfield>
    <subfield code="c">DEPO1</subfield>
    <subfield code="d">Olim: N-7021</subfield>
    <subfield code="h">Donaci&#xF3;n: Casa Vel&#xE1;zquez</subfield>
  </datafield>
  <datafield tag="914" ind1=" " ind2=" ">
    <subfield code="9">2477</subfield>
    <subfield code="a">Casa de Vel&#xE1;zquez</subfield>
    <subfield code="e">dnr</subfield>
  </datafield>
  <datafield tag="942" ind1=" " ind2=" ">
    <subfield code="2">udc</subfield>
    <subfield code="c">MONOGRAFIA</subfield>
  </datafield>
  <datafield tag="999" ind1=" " ind2=" ">
    <subfield code="c">186738</subfield>
    <subfield code="d">186738</subfield>
  </datafield>
  <datafield tag="952" ind1=" " ind2=" ">
    <subfield code="0">0</subfield>
    <subfield code="1">0</subfield>
    <subfield code="2">udc</subfield>
    <subfield code="4">0</subfield>
    <subfield code="7">0</subfield>
    <subfield code="a">ATENEOM</subfield>
    <subfield code="b">ATENEOM</subfield>
    <subfield code="c">DEPO1</subfield>
    <subfield code="d">2017-02-10</subfield>
    <subfield code="e">DONACION</subfield>
    <subfield code="l">0</subfield>
    <subfield code="o">A-14021</subfield>
    <subfield code="p">1196972</subfield>
    <subfield code="r">2023-02-23 00:00:00</subfield>
    <subfield code="w">2023-02-23</subfield>
    <subfield code="y">MONOGRAFIA</subfield>
  </datafield>
</record>
